000 00710nam a2200205 u 4500
001 000016408
005 20200929164419.0
008 100304s1969 dr r 000 0 spa d
040 _aDO-SdBNP
_bspa
_cBPHU
082 _axxxx
_bC352o
100 1 _aCastillejo, Cristobal de,
_d1490 -1550
_915883
245 1 0 _aObras /
_cCristóbal de Castillejo; Edición y prólogo J. Domínguez Bordona.
250 _a4a ed.
260 _aMadrid :
_bEspasa-Calpe,
_c1969.
300 _a277 p. :
_b19 cm.
490 1 _aClásicos Castellanos
_v79
500 _aIncluye referencias bibliográficas y notas al pie de las páginas.
700 1 _aDomínguez Bordona, J.
_epról.
_915854
830 0 _aClásicos Castellanos
_n79
_936578
999 _c15943
_d15943